000 00903nam a2200253 4500
001 44917
010 _a9722713906
021 _b224477/05
090 _a44917
100 _a20050725d2005 m y0pory5003 ba
101 0 _afre
102 _aPT
200 1 _aThéodicée ou Traité elémentaire de la religion naturelle et de la religion révélée
_fSilvestre Pinheiro Ferreira
_gleitura e fixacão do texto de Rodrigo S. Cunha
210 9 _aLisboa
_cImprensa Nacional-Casa da Moeda,
_d2005
215 _a330, [5] p.
_d24 cm
225 2 _aPensamento português
304 _aTít. orig.: Théodicée ou traité élémentaire de la religion naturelle et de la religion révélée
675 _a2-21/-22
_vBN
_zpor
675 _a27-1
_vBN
_zpor
675 _a27-22
_vBN
_zpor
700 1 _aFerreira,
_bSilvestre Pinheiro,
_f1769-1846
702 1 _aCunha,
_bRodrigo S.,
_f1967-
_4340
801 0 _aPT
_bBN
_gRPC
990 _cLIVROS